000 00508nam a22001577a 4500
005 20251108171811.0
008 250721s1985 xx 000 0 ara d
082 1 4 _a401.9/حلم
100 1 _aخليل، حلمي
245 1 0 _aاللغة و الطفل :
_bدراسة في ضوء علم اللغة النفسي /
264 1 _aالإسكندرية :
_bدار المعرفة الجامعية،
_c1985.
300 _a109ص
650 1 7 _aعلم النفس اللغوي
942 _2ddc
_cBK
999 _c62880
_d62880